LEADER 01428nam a2200325 u 4500 001 000000107927 003 CaOOAMICUS 005 20071030120430.0 008 071030s2007 it u000 u ita u 020 $z978-88-6132-086-4* 040 $aPUL$bita$dLDB 110 1 $aItalia.$kLeggi, statuti, ecc.$0(OLS)http://pul/name/10145 240 10$aCodice civile$9(Italia).$0(OLS)http://pul/title/51181 245 13$aIl Codice civile commentato con la giurisprudenza /$ca cura di Francesco Bartolini, Pietro Dubolino. 250 $a24. ed. 260 $aPiacenza :$bLa Tribuna,$c2007. 300 $a2654 p. ;$c21 cm. 490 1 $a2007 i codici commentati 500 $aTesto su due colonne. 500 $aInclude indici. 650 4$aDiritto civile$zItalia.$0(OLS)http://pul/subject/3770 700 1 $aBartolini, Francesco,$d1942-$0(OLS)http://pul/name/35926 700 1 $aDubolino, Pietro.$0(OLS)http://pul/name/40830 830 0$a2007 i codici commentati.$0(OLS)http://pul/title/135886 850 $aPUL 852 $aPUL$W1$xDP2 Diritto e Scienze Sociali 3$y110$m348. 45 BCOLL 2.1$j122766$qDDC 21$B121752$CPULBib$Z2$F121752 $H105291 $82 941 1 $a9 996 $6020$z978-88-6132-086-4*$9(OLS)http://pul/number/136099 996 $6245$aIl Codice civile commentato con la giurisprudenza$9(OLS)http://pul/title/135889 996 $6260$aPiacenza :$bLa Tribuna$9(OLS)http://pul/publisher/69734 LEADER 01818nam a2200361 a 4500 001 000000173224 003 CaOOAMICUS 005 20200214110407.0 008 200214s2001 it u000 u ita r 020 $z88-10-40377-0* 032 $aLibriCat 040 $aPUL$bita 082 04$a123.5 111 0 $aConvegno internazionale di studi rosminiani$n(7:$d1999$cRovereto).$0(OLS)http://pul/name/111272 245 00$aAntonio Rosmini e l'idea della libertą :$batti del 7. Convegno internazionale di studi rosminiani, Rovereto, 8-10 marzo 1999 /$ca cura di Antonio Autiero, Alessandro Genovese. 260 $aBologna :$bEDB,$c©2001. 300 $a215 p. ;$c21 cm 490 1 $aScienze religiose. Nuova serie ;$v03 504 $aBibliografia in nota. 600 14$aRosmini Serbati, Antonio,$cI.D.C.,$d1797-1855$xFilosofia.$0(OLS)http://pul/subject/5069 650 4$aDeterminismo e indeterminismo.$0(OLS)http://pul/subject/19997 700 1 $aAutiero, Antonio,$d1948-$0(OLS)http://pul/name/30305 700 1 $aGenovese, Alessandro.$0(OLS)http://pul/name/111273 711 0 $aVII Convegno internazionale di studi rosminiani.$0(OLS)http://pul/name/111274 830 0$aScienze religiose (EDB).$pNuova serie ;$v03.$0(OLS)http://pul/title/65809 850 $aPUL 852 $aPUL$W1$xSL Religione 3$y85$m230 SCIRE 1.3$j197199$qDDC 21$B201987$CPULBib$Z2$F201987 $H133807 $82 941 1 $a9 996 $6020$z88-10-40377-0*$9(OLS)http://pul/number/167213 996 $6082$a123.5$9(OLS)http://pul/classification/2256 996 $6245$aAntonio Rosmini e l'idea della libertą :$batti del 7. Convegno internazionale di studi rosminiani, Rovereto, 8-10 marzo 1999$9(OLS)http://pul/title/214328 996 $6260$aBologna :$bEDB$9(OLS)http://pul/publisher/56073